000 00658 a2200217 4500
001 63517
005 20260407155933.0
008 260407a1970 arg spa d
003 AR-UNSa-BCEJYS
040 _aAR-UNSa-BCEJYS
_bspa
_cAR-UNSa-BCEJYS
080 _a004.42
_xProgramación de ordenadores. Programas de ordenador
245 1 0 _aIntroducción a los computadores electrónicos
264 1 _aMéxico :
_bCECSA (Compañia Editorial Continental)
_c1970
300 _a582 p.
_c22 cm.
041 _aspa
942 _cBK
590 _aniveau_biblio:m niveau_hierar:0
100 1 _aDavis, Gordon B.
650 _aFORTRAN COBOL
650 _a fortran cobol
999 _c8202
_d8202